Build your own printed circuit board (Record no. 26394)
[ view plain ]
| 000 -LEADER | |
|---|---|
| fixed length control field | 00347nam a2200157Ia 4500 |
| 082 ## - DEWEY DECIMAL CLASSIFICATION NUMBER | |
| Classification number | 621.3815 |
| Item number | WIL |
| 100 ## - MAIN ENTRY--PERSONAL NAME | |
| Personal name | Williams/AL |
| 245 ## - TITLE STATEMENT | |
| Title | Build your own printed circuit board |
| 260 ## - PUBLICATION, DISTRIBUTION, ETC. | |
| Name of publisher, distributor, etc. | Tata Mc Graw hill Ltd. |
| Date of publication, distribution, etc. | 2004 |
| 366 ## - TRADE AVAILABILITY INFORMATION | |
| Publishers's discount category | 20 |
| 300 ## - PHYSICAL DESCRIPTION | |
| Extent | 206 |
| 546 ## - LANGUAGE NOTE | |
| Language note | ENGLISH |
| -- | TTL |
| 654 ## - SUBJECT ADDED ENTRY--FACETED TOPICAL TERMS | |
| Focus term | circuit board |
| 942 ## - ADDED ENTRY ELEMENTS (KOHA) | |
| Koha item type | BOOK |
| Withdrawn status | Lost status | Damaged status | Not for loan | Collection | Home library | Current library | Date acquired | Source of acquisition | Cost, normal purchase price | Inventory number | Total Checkouts | Full call number | Barcode | Date last seen | Cost, replacement price | Price effective from | Koha item type |
|---|---|---|---|---|---|---|---|---|---|---|---|---|---|---|---|---|---|
| CRC | Fr. Agnel's C.Rodrigues College of Engineering | Fr. Agnel's C.Rodrigues College of Engineering | 17/03/2023 | Book Base | 280.00 | 9632 dt 28/04/2010 | 621.3815 WIL | 20597 | 17/03/2023 | 350.00 | BOOK |